| 000 | 01192cam a2200277 a 4500 | ||
|---|---|---|---|
| 001 | 000014516 | ||
| 005 | 20200929163849.0 | ||
| 008 | 030606s2002 ck b 000 0 spa | ||
| 020 | _a9586824128 | ||
| 040 |
_aDO-SdBNP _bspa _cDLC _dBNPHU |
||
| 082 |
_a303.625 _bF287m |
||
| 100 | 1 |
_aFazio Vengoa, Hugo _932812 |
|
| 245 | 1 | 3 |
_aEl mundo después del 11 de septiembre de 2001 / _cHugo Fazio Vengoa. |
| 260 |
_aBogotá, (Colombia) : _bUniversidad Nacional de Colombia, IEPRI [Instituto de Estudios Políticos y Relaciones Internacionales] ; _aMéxico : _bAlfaomega, _c2002. |
||
| 300 |
_axvi, 143 p. ; _c23 cm. |
||
| 490 | 1 | _aCiencias Sociales | |
| 504 | _aIncluye referencias bibliográficas (p. 140-143). | ||
| 650 | 4 |
_aTerrorismo _xEfectos económicos _zEstados Unidos _y2001-2009 _932813 |
|
| 650 | 4 |
_aAtaques terroristas 11 de septiembre, 2001 _932814 |
|
| 650 | 4 |
_aGeopolítica _918428 |
|
| 650 | 4 |
_aTerrorismo _xEfectos económicos _xIndustria del petróleo _932815 |
|
| 710 | 2 |
_aUniversidad Nacional de Colombia. _bInstituto de Estudios Políticos y Relaciones Internacionales. _932816 |
|
| 830 | 0 |
_aCiencias sociales. _913247 |
|
| 910 | _aCatalogación por copia / LC | ||
| 049 | _aBNGR | ||
| 999 |
_c14105 _d14105 |
||